Teoría económica general : (Registro nro. 5293)

Detalles MARC
000 -LEADER
fixed length control field 00822nam a2200217Ia 4500
003 - CONTROL NUMBER IDENTIFIER
control field OSt
005 - DATE AND TIME OF LATEST TRANSACTION
control field 20200516010856.0
008 - FIXED-LENGTH DATA ELEMENTS--GENERAL INFORMATION
fixed length control field 191128s1987 ck a fr 000 0 spa d
040 ## - CATALOGING SOURCE
Original cataloging agency CO-JMCR
Transcribing agency CO-JMCR
041 0# - LANGUAGE CODE
Language code of text/sound track or separate title spa
082 04 - DEWEY DECIMAL CLASSIFICATION NUMBER
Classification number 330 /
Item number C346t
Edition number 23
100 1# - MAIN ENTRY--PERSONAL NAME
Personal name Castaño Orozco, Gildardo,
Relator term autor
9 (RLIN) 4480
245 10 - TITLE STATEMENT
Title Teoría económica general :
Remainder of title módulo autoformativo /
Statement of responsibility, etc. Gildardo Castaño Orozco
260 ## - PUBLICATION, DISTRIBUTION, ETC.
Place of publication, distribution, etc. Bogotá :
Name of publisher, distributor, etc. Esap,
Date of publication, distribution, etc. 1987
300 ## - PHYSICAL DESCRIPTION
Extent 194 páginas :
Other physical details ilustraciones a blanco y negro ;
Dimensions 23 cm.
490 0# - SERIES STATEMENT
Series statement Módulo autoformativos para educación a distancia
505 0# - FORMATTED CONTENTS NOTE
Formatted contents note Conceptos básicos -- Teoría macroeconómica -- Elementos de análisis macroeconómico -- Teoría monetaria y comercio exterior
650 14 - SUBJECT ADDED ENTRY--TOPICAL TERM
Topical term or geographic name entry element Teoría económica
9 (RLIN) 1066
650 14 - SUBJECT ADDED ENTRY--TOPICAL TERM
Topical term or geographic name entry element Macroeconomía
9 (RLIN) 946
942 ## - ADDED ENTRY ELEMENTS (KOHA)
Source of classification or shelving scheme Dewey Decimal Classification
Koha item type Books
Existencias
Withdrawn status Lost status Source of classification or shelving scheme Damaged status Not for loan Collection code Home library Current library Date acquired Source of acquisition Cost, normal purchase price Total Checkouts Full call number Barcode Date last seen Date last checked out Copy number Koha item type
    Dewey Decimal Classification     Non-fiction Biblioteca Pública José María del Castillo y Rada Biblioteca Pública José María del Castillo y Rada 04/15/2018 Donación 0.00 2 330 / C346t 430001674 11/11/2025 11/11/2025 Ej.1 Books